Nomi, cose e città: pianeti, pianeti nani e i loro satelliti - Statistics

Statistiche generali
  • Questo quiz è stato fatto 92 volte
  • Il punteggio medio è 11 su 24
Statistiche sulle risposte
Hint Risposta % Corretto
M Mab|Makemake|Margherita|Marte|Megaclite|Mercurio|Metis|Metone|Mimas|Miranda|Mneme|Mundilfari
99%
T Taigete|Talassa|Tarqeq|Tarvos|Tebe|Telesto|Telsinoe|Temisto|Terra|Teti|Thiazzi|Thrymr|Tione|Titania|Titano|Trinculo|Tritone
96%
U Umbriel|Urano
95%
G Galatea|Ganimede|Geirrod|Gerd|Giano|Giapeto|Giocasta|Giove|Giulietta|Greip|Gridr|Gunnlod
94%
S Sao|Saturno|Setebos|Siarnaq|Sicorace|Sinope|Skathi|Skoll|Skrymir|Sponde|Stefano|Stige|Surtur|Suttungr
93%
V Valetudo|Venere
91%
P Paaliaq|Pallene|Pan|Pandia|Pandora|Pasifae|Pasitea|Perdita|Plutone|Polluce|Porzia|Prassidice|Prometeo|Prospero|Proteo|Psamate|Puck
90%
N Naiade|Namaka|Narvi|Nereide|Neso|Nettuno|Notte
89%
L Laomedea|Larissa|Leda|Lisitea|Loge|Luna
85%
E Egemone|Egeone|Eggther|Eirene|Elara|Elena|Elice|Encelado|Epimeteo|Erinome|Eris|Ermippe|Erriapo|Ersa|Erse|Etna|Euante|Eucelade|Eufeme|Euporia|Euridome|Europa
61%
I Idra|Ijiraq|Imalia|Io|Iperione|Ippocampo|Isonoe
60%
C Caldene|Cale|Calibano|Calice|Calipso|Callicore|Calliroe|Callisto|Carme|Caronte|Carpo|Cerbero|Cerere|Cillene|Cordelia|Core|Cressida|Cupido
43%
D Dafni|Deimos|Desdemona|Despina|Dia|Dione|Disnomia
17%
F Farbauti|Febe|Fenrir|Ferdinando|Filofrosine|Fobos|Fornjot|Francisco
17%
A Aede|Alimede|Amaltea|Ananke|Angrboda|Antea|Arche|Ariel|Arpalice|Atlante|Autonoe
11%
H Hati|Haumea|Hiʻiaka|Hyrrokkin
10%
R Rea|Rosalinda
7%
O Oberon|Ofelia|Ortosia
4%
Q Quaor
2%
B Bebhionn|Beli|Belinda|Bergelmir|Bestla|Bianca
1%
X Weywot
1%
Y Ymir
1%
J Jarnsaxa
0%
K Kari|Kiviuq
0%
Nessun quiz corrispondente trovato
Distribuzione punteggi
Percentuale di utenti per punteggio
Percentile per numero di risposta
I tuoi punteggi nel tempo
Non hai fatto questo quiz